Las dos caras de occidente

Guardat en:
Dades bibliogràfiques
Autor principal: Duverger, Maurice (Autor)
Format: Llibre
Idioma:espanyol
Publicat: Barcelona, España Ariel 1972
Col·lecció:Demos. Biblioteca de Ciencia Política
Matèries:
Etiquetes: Afegir etiqueta
Sense etiquetes, Sigues el primer a etiquetar aquest registre!

MARC

LEADER 00000nam a2200000 a 4500
001 UCO0365
003 CL-VaPUC
005 20220325095232.0
008 000420e19720000SP |||||||||||||||||spa|d
999 |c 287076  |d 287074 
040 |c Pontificia Universidad Católica de Valparaíso 
082 0 4 |a 321 DUV 1972  |2 21 
100 0 |a Duverger, Maurice  |e author  |9 441585 
245 1 4 |a Las dos caras de occidente 
260 |a Barcelona, España  |b Ariel  |c 1972 
300 |a 291 páginas 
490 0 |a Demos. Biblioteca de Ciencia Política 
583 |a last modification  |c 20170808 04:06:22  |k Rodrigo Vera 
650 0 |a Sistemas de gobiernos   |9 330159 
650 0 |a Historia contemporánea  |9 343224 
650 0 |a Democracia  |9 255256 
650 0 |a Oligarquía  |9 314747 
942 |c BK  |2 ddc 
945 |d 20000420 00:00:00  |a rherrera 
952 |0 0  |1 0  |2 ddc  |4 0  |6 321_000000000000000_DUV_1972  |7 0  |8 A  |9 333484  |a BIBHIS  |b BIBHIS  |d 2019-11-20  |i 1265245  |o 321 DUV 1972  |p 1265245  |r 2025-01-20  |t 1  |w 2019-11-20  |y BK  |k HIS